Normal view MARC view

Entry Personal Name

Number of records used in: 1

001 - CONTROL NUMBER

  • control field: 248559

003 - CONTROL NUMBER IDENTIFIER

  • control field: St Aloysius Coll

005 - DATE AND TIME OF LATEST TRANSACTION

  • control field: 20251209175015.0

008 - FIXED-LENGTH DATA ELEMENTS

  • fixed length control field: 251209|| aca||aabn | a|a d

040 ## - CATALOGING SOURCE

  • Original cataloging agency: St Aloysius Coll
  • Transcribing agency: St Aloysius Coll

100 ## - HEADING--PERSONAL NAME

  • Personal name: Verspoor, Marjolijn

670 ## - SOURCE DATA FOUND

  • Source citation: Work cat.: (St Aloysius Coll)160408: Kees De Bot 91265, Second language acquisition, 2005